00524nam a2200193 a 4500001001300000003000900013005001700022008004100039020001000080082001900090100001700109245007000126260003300196300000900229500003500238505001000273650003000283700001700313nice12345678IN_TiNIC20260116014739.0050524s1989 boma grp 000 0 eng  ac34000a330.0954bWAD1 aWade, Robert aVillage Republicsb Economic Conditions for Collective Action.... aBombaybOrient Longmanc1989 a240p aincludes index and biblioraphy2 aIndex aIndia-Economic Conditions1 aWade, Robert